| 000 | nam a22 7a 4500 | ||
|---|---|---|---|
| 999 |
_c232830 _d232830 |
||
| 003 | Nust | ||
| 005 | 20170223152525.0 | ||
| 008 | 170223b xxu||||| |||| 00| 0 eng d | ||
| 020 | _a 978-969002-011-6 | ||
| 040 | _cDLC | ||
| 082 | _a954.035 SHA | ||
| 245 |
_aGandhi and the partition of India _cShahid, Kamran. |
||
| 260 |
_aLahore : _bFerozsons, _c 2005 |
||
| 300 |
_a124 p. ; _c22 cm. |
||
| 942 |
_2ddc _cBK |
||